000 00543nam a2200217Ia 4500
003 OSt
005 20240104163730.0
008 210210b1995 xxu||||| |||| 00| 0 eng d
020 _a81 85392 36 6
040 _cAL
041 _aeng
082 _a801.95 RICP
100 _aRICHARDS (I A).
_9147379
245 _aPrinciples of literary criticism.
260 _aN D
_bUniversal Book Stall
_c1995
300 _avi,242
650 _aLiterary Criticism
_9147380
690 _aLiterary Criticism
_9147380
906 _a050258
942 _2ddc
_cBK
999 _c99214
_d99214